000 00290nam a2200121 i 4500
001 bg
245 0 _aPrace Komisji Nauk Technicznych.Techniki wytwarzania.
260 _aGorzów Wlkp.,
_c1988.
040 _cBPK
041 _apol
942 _cKS
008 s pl f |000 0 pol
999 _c28703
_d28703
856 _uhttp://koha.tu.koszalin.pl/cgi-bin/koha/opac-detail.pl?biblionumber=28703
_yKatalog online BPK